Loading...
| MB | 1 | 1 | 0 | 0 | 25 | 37 | 71.00 | 1 | 1 | 0.00 | 0.00 |
| RC | 0 | 2 | 0 | 0 | 20 | 124 | 129.00 | 0 | 0 | 0.00 | 0.00 |
| AK | 0 | 1 | 0 | 0 | 10 | 100 | 100.00 | 0 | 1 | 0.00 | 0.00 |
| AW | 0 | 1 | 0 | 0 | 10 | 93 | 93.00 | 0 | 1 | 0.00 | 0.00 |
| AWD | 0 | 1 | 0 | 0 | 10 | 118 | 118.00 | 0 | 0 | 0.00 | 0.00 |
| AR | 0 | 1 | 1 | 0 | 5 | 112 | 112.00 | 0 | 0 | 0.00 | 0.00 |
| RR | 0 | 1 | 3 | 0 | -5 | 72 | 72.00 | 0 | 0 | 0.00 | 0.00 |
| BB | 0 | 0 | 1 | 0 | -5 | 0.00 | 0 | 0 | 0.00 | 0.00 |
| MB | Marcos family | 15 | 37 |
| RR | internet service | -5 | 69 |
| AR | Dominican Republic | -5 | 71 |
| RR | open | 10 | 72 |
| BB | diamond anvil cells | -5 | 76 |
| RR | C.L.R. James | -5 | 81 |
| RR | Lagos | -5 | 91 |
| AW | mushroom foraging | 10 | 93 |
| AK | New York City | 10 | 100 |
| MB | Lydia Tár | 10 | 105 |